Normal view
MARC view
- Norhashimah Mohd. Yasin
Entry Personal Name
001 - CONTROL NUMBER
- control field: 8519
003 - CONTROL NUMBER IDENTIFIER
- control field: OSt
005 - DATE AND TIME OF LATEST TRANSACTION
- control field: 20170529111633.0
008 - FIXED-LENGTH DATA ELEMENTS
- fixed length control field: 170529|| aca||aabn | a|a d
040 ## - CATALOGING SOURCE
- Original cataloging agency: OSt
- Transcribing agency: OSt
100 ## - HEADING--PERSONAL NAME
- Personal name: Norhashimah Mohd. Yasin
670 ## - SOURCE DATA FOUND
- Source citation: Work cat.: (OSt)0: Norhashimah Mohd. Yasin, Legal aspects of money laundering in Malaysia from the common law perspective /, 2007

PORTAL AKMAL
E-MEL JKDM
AKMAL2U
G-BAM
u-PUSTAKA